A HAMILTONIAN PROPERTY OF CONNECTED SETS IN THE ALTERNATIVE SET THEORY

Podrobná bibliografia
Hlavný autor: Zlatoš, Pavol, 1955- (Autor)
Médium: Článok
Jazyk:angličtina

MARC

LEADER 00000nab a2200000uu 4500
001 vtls010892275
003 SK-MaSNL
005 20260303141935.0
008 230222|1993 xo |||||||||||||||||eng|
015 |a SNBRB 
035 |a (urnnbn)urn:nbn:sk:snk:ar-0068o9 
035 |a (uuid)d8635106-95f9-4679-8602-b4b3708e2dcc 
035 |a urn:nbn:sk:snk-ab8lv1 
040 |a SNKBUCL  |b slo  |c SNKBUCL  |e AACR2 
041 0 |a eng 
044 |a xo  |c SK 
100 1 |a Zlatoš, Pavol,  |d 1955-  |4 aut  |9 38855 
245 1 0 |a A HAMILTONIAN PROPERTY OF CONNECTED SETS IN THE ALTERNATIVE SET THEORY  |c P. Zlatoš 
773 0 |t Acta mathematica Universitatis Comenianae  |g Roč. 62, č. 2 (1993), s. 197-205 
958 |a OND 
958 |a EUIPO 
958 |a article10 
999 |c 1979745  |d 1981675